Richard Redgrave, 1804-1888 /

Bibliographic Details
Other Authors: Casteras, Susan P., Parkinson, Ronald
Format: Book
Language:English
Published: New Haven ; London : Yale University Press, 1988.
Subjects:

MARC

Tag First Indicator Second Indicator Subfields
LEADER 00000cam a2200000 a 4500
001 in00000034358
005 20151007060701.0
008 880920s1988 ctuacf 00100beng d
010 |a  87051378  
020 |a 0300042213 
035 |a (OCoLC)18504548 
035 |9 AAC1444AM 
040 |a LWA  |c LWA  |d TXA  |d UtOrBLW 
049 |a TXAM  |c [A11699851] 
050 4 |a ND497.R3  |b R52 1988 
245 0 0 |a Richard Redgrave, 1804-1888 /  |c edited by Susan P. Casteras and Ronald Parkinson ; with essays by Elizabeth Bonython [and others]. 
264 1 |a New Haven ;  |a London :  |b Yale University Press,  |c 1988. 
300 |a 175 pages, 2 unnumbered leaves of plates :  |b illustrations (some color), portraits ;  |c 26 cm. 
336 |a text  |b txt  |2 rdacontent 
337 |a unmediated  |b n  |2 rdamedia 
338 |a volume  |b nc  |2 rdacarrier 
500 |a "Published in association with the Victoria and Albert Museum and the Yale Center for British Art." -- title page. 
500 |a Includes index. 
600 1 0 |a Redgrave, Richard,  |d 1804-1888. 
650 0 |a Painters  |z Great Britain  |v Biography. 
650 0 |a Art, English  |x History  |y 19th century. 
700 1 |a Casteras, Susan P. 
700 1 |a Parkinson, Ronald. 
999 |a MARS 
999 f f |s 56f0a128-2dd1-3c05-8724-3d841713f6bc  |i 7ed51e44-15ee-3b62-8c9e-b812f7d4aefd  |t 0 
952 f f |p ric  |a Texas A&M University  |b Rellis Campus  |c Joint Library Facility  |d Remote Storage  |t 0  |e ND497.R3 R52 1988  |h Library of Congress classification  |i unmediated -- volume  |m A14811699851 
952 f f |p noncirc  |a Texas A&M University  |b College Station  |c Cushing Memorial Library & Archives  |d Cushing: Kelsey Americana (Does not check out)  |t 0  |e ND497.R3 R52 1988  |h Library of Congress classification  |i unmediated -- volume 
998 f f |a ND497.R3 R52 1988  |t 0  |l Remote Storage 
998 f f |a ND497.R3 R52 1988  |t 0  |l Cushing: Kelsey Americana (Does not check out)